The business of tourism

Guardat en:
Dades bibliogràfiques
Autor principal: HOLLOWAY, J. Christopher
Format: Llibre
Idioma:anglès
Publicat: Pearson Education 2016
Etiquetes: Afegir etiqueta
Sense etiquetes, Sigues el primer a etiquetar aquest registre!

MARC

LEADER 00000nam a22000007a 4500
008 210125b ||||| |||| 00| 0 eng d
020 |a 978-1-292-06324-9 
100 |a HOLLOWAY, J. Christopher 
245 |a The business of tourism  |c J. Christopher Holloway 
250 |b 10th  |c J. Christopher Holloway, Claire Humphreys. 
260 |b Pearson Education  |c 2016  |h .- Harlow, England  |i 690919 – Agric., 690920   |l G155 .A1H72  |m Tourism.  |m Tourism – Marketing 
942 |a lcc  |c BK  |e Mr Ogunleye 
952 |0 0  |1 0  |2 lcc  |4 0  |6 G0155 A1 H72  |7 0  |9 1784  |a HOL  |b AG  |d 2021-01-25  |l 0  |o G155 .A1H72  |p 2021-0560  |r 2021-01-25 00:00:00  |w 2021-01-25  |y BK 
952 |0 0  |1 0  |2 lcc  |4 0  |6 G0155 A1 H72  |7 0  |9 1785  |a HOL  |b HOL  |d 2021-01-25  |l 0  |o G155 .A1H72  |p 2021-0561  |r 2021-01-25 00:00:00  |w 2021-01-25  |y BK 
999 |c 943  |d 943